Spanende Werkzeugmaschinen : Grundlagen und Konstruktion /

Uložené v:
Podrobná bibliografia
Hlavný autor: Schwerd, Friedrich (Autor)
Médium: Kniha
Jazyk:German
Vydavateľské údaje: Berlin : Springer Verlag, 1956
Tagy: Pridať tag
Žiadne tagy, Buďte prvý, kto otaguje tento záznam!

MARC

LEADER 00000nam a22000003a 4500
001 stu41904
005 20150617225719.9
008 940126s1956----gw------------------ger-d
040 |a STU  |b slo 
041 0 |a ger 
044 |a gw 
100 1 |a Schwerd, Friedrich  |4 aut 
245 1 |a Spanende Werkzeugmaschinen :  |b Grundlagen und Konstruktion /  |c [aut.]Friedrich Schwerd 
260 |a Berlin :  |b Springer Verlag,  |c 1956 
300 |a 543 s 
996 |b 284M015787  |c M*3761-1  |l MMKN  |s A  |a 24  |w stu41904_0001